México : Estructuras política, económica y social / Gloria M. Delgado de Cantú (Registro nro. 18920)
[ vista simple ]
| 000 -LÍDER | |
|---|---|
| fixed length control field | 00495nam a2200157 4500 |
| 008 - ELEMENTOS DE LONGITUD FIJA -- INFORMACIÓN GENERAL | |
| fixed length control field | 0 2003 0a 000 0Mex |
| 020 ## - NÚMERO INTERNACIONAL NORMALIZADO PARA LIBROS | |
| ISBN | 970-26-0357-9 |
| 050 ## - SIGNATURA TOPOGRAFICA DE LA BIBLIOTECA DEL CONGRESO (LC) | |
| Número de Clasificación | HC133 D45 2003 |
| 082 ## - NUMERO DE CLASIFICACION DECIMAL DEWEY | |
| Número de Clasificación | 330.9 D357m |
| 100 ## - ASIENTO PRINCIPAL--NOMBRE PERSONAL | |
| Nombre personal | Delgado de Cantú, Gloria M. |
| 245 ## - TÍTULO | |
| Título | México : Estructuras política, económica y social / Gloria M. Delgado de Cantú |
| 250 ## - MENCIÓN DE EDICIÓN | |
| Mención de edición | 2 |
| 260 ## - PUBLICACIÓN, DISTRIBUCIÓN, ETC. (PIE DE IMPRENTA) | |
| Lugar de publicación, distribución, etc. | México : Pearson |
| 300 ## - DESCRIPCIÓN FÍSICA | |
| Extensión | xvii, 394 p. / 23 cm. |
| 650 ## - ASIENTO SECUNDARIO DE MATERIA - TERMINO TEMÁTICO | |
| Término temático o nombre geográfico como elemento de entrada | 1. ECONOMIA \ 2. POLITICA \ 3. SOCIOLOGIA |
| No. biblioteca | No. biblioteca | Número de clasificación | Código de barras/Número de adquisición | Número de copia | Tipo de material |
|---|---|---|---|---|---|
| LUIS G. INCLAN | LUIS G. INCLAN | 330.9 D357m | 44175 | 1 | Libros |
| LUIS G. INCLAN | LUIS G. INCLAN | 330.9 D357m | 44176 | 2 | Libros |
| LUIS G. INCLAN | LUIS G. INCLAN | 330.9 D357m | 45966 | 3 | Libros |
| LUIS G. INCLAN | LUIS G. INCLAN | 330.9 D357m | 46545 | 4 | Libros |
| LUIS G. INCLAN | LUIS G. INCLAN | 330.9 D357m | 46546 | 5 | Libros |
| LUIS G. INCLAN | LUIS G. INCLAN | 330.9 D357m | 46547 | 6 | Libros |
